<?xml version="1.0" encoding="UTF-8"?>
<marc:record xmlns:marc="http://www.loc.gov/MARC21/slim">
   <marc:leader>00000nam a2200000 a 4500</marc:leader>
   <marc:datafield ind1=" " ind2=" " tag="653">
      <marc:subfield code="a">Tier</marc:subfield>
   </marc:datafield>
   <marc:datafield ind1="0" ind2="0" tag="245">
      <marc:subfield code="a">Meyers kleine Kinderbibliothek Die Schnecke</marc:subfield>
   </marc:datafield>
   <marc:datafield ind1="0" ind2="0" tag="245">
      <marc:subfield code="b">[die Bücher mit den Folien]</marc:subfield>
   </marc:datafield>
   <marc:datafield ind1=" " ind2="1" tag="264">
      <marc:subfield code="a">Mannheim</marc:subfield>
      <marc:subfield code="b">Bibliogr. Inst.</marc:subfield>
      <marc:subfield code="c">2010</marc:subfield>
   </marc:datafield>
   <marc:datafield ind1="1" ind2=" " tag="490">
      <marc:subfield code="a">Meyers kleine Kinderbibliothek</marc:subfield>
      <marc:subfield code="v">Bd. 92</marc:subfield>
   </marc:datafield>
   <marc:datafield ind1="1" ind2=" " tag="520">
      <marc:subfield code="a">Quelle: bn.bibliotheksnachrichten (http://www.biblio.at/literatur/bn/index.html); &#xD;
Autor: Gabriele Doblhammer; &#xD;
Stabiles Sachbuch für Kleinkinder. (ab 3) (JN)&#xD;
&#xD;
Was Erwachsenen vielleicht unappetitlich vorkommt - Schnecken in allen Details -, ist für Kinder hochinteressant. Band 92 der Reihe "Meyers kleine Kinderbibliothek" befasst sich mit der Weinbergschnecke und ihren Verwandten: Wo eine Weinbergschnecke ihre Augen hat, wie sie sich vermehrt, was sie frisst und wie sie den Winter übersteht, wird erklärt. Die Informationen werden in kleinen Häppchen präsentiert und immer auch bildlich dargestellt. Charakteristisch für die Reihe sind Nahaufnahme-Zeichnungen, die sich auf einen ausgewählten Aspekt konzentrieren, z. B. das Gehäuse. Vier bedruckte Transparenzfolien bringen zusätzlich Spannung beim Betrachten. Vieles können schon kleine Kinder in diesem Buch selber entdecken und auch der stabile Karton und die Ringbindung  kommen den Kleinen entgegen. Empfehlenswert.</marc:subfield>
   </marc:datafield>
   <marc:datafield ind1=" " ind2=" " tag="020">
      <marc:subfield code="a">9783411070763</marc:subfield>
      <marc:subfield code="9">9783411070763</marc:subfield>
   </marc:datafield>
   <marc:datafield ind1=" " ind2=" " tag="020">
      <marc:subfield code="a">3411070765</marc:subfield>
      <marc:subfield code="9">3411070765</marc:subfield>
   </marc:datafield>
   <marc:datafield ind1=" " ind2=" " tag="041">
      <marc:subfield code="a">ger</marc:subfield>
   </marc:datafield>
   <marc:datafield ind1=" " ind2=" " tag="300">
      <marc:subfield code="b">überw. III. (sehr wenig Text)</marc:subfield>
   </marc:datafield>
   <marc:datafield ind1="0" ind2=" " tag="490">
      <marc:subfield code="v">Bd. 92</marc:subfield>
   </marc:datafield>
   <marc:datafield ind1=" " ind2=" " tag="338">
      <marc:subfield code="a">Band</marc:subfield>
   </marc:datafield>
   <marc:datafield ind1=" " ind2=" " tag="300">
      <marc:subfield code="a">[12] Bl.</marc:subfield>
   </marc:datafield>
</marc:record>
